| 000 | 00630nam a2200181Ia 4500 | ||
|---|---|---|---|
| 003 | GCL | ||
| 008 | 140319s9999 xx 000 0 ara d | ||
| 040 |
_aGCL / _cGCL |
||
| 082 | 0 | 4 |
_a620.0045 _bت هـ |
| 100 | 1 | _aتركى ابراهيم سلطان | |
| 245 | 1 | 0 |
_aهندسة التغيير : التغيير الجذرى لفن الادارة : المنهجية والتطبيق BUSINESS RE-ENGINEERING / _cتركى ابراهيم سلطان |
| 300 | _a200 | ||
| 490 |
_a100 قصة _v0 |
||
| 650 | 0 | 4 | _aجودة الانتاج |
| 650 | 0 | 4 | _aالهندسة الصناعية |
| 650 | 0 | 4 | _aضبط الانتاج |
| 942 |
_2ddc _cBK |
||
| 999 |
_c44332 _d44332 |
||